| 000 | 00604nam a2200241 a 4500 | ||
|---|---|---|---|
| 003 | AR-BaBNM | ||
| 005 | 20251128204402.0 | ||
| 008 | 082120s2002 ||||||||||||||000 | spa|| | ||
| 020 | _a950-07-0089-1 | ||
| 040 | _cAR-BaBNM | ||
| 100 | 1 | _aGarcía Márquez, Gabriel | |
| 245 | 0 | 0 | _aEl coronel no tiene quien le escriba |
| 250 | _a47ª ed. | ||
| 260 |
_aBuenos Aires _bSudamericana _c1993 |
||
| 300 | _a109 p. | ||
| 650 | 4 | _aMITOLOGIA | |
| 653 | _aLITERATURA COLOMBIANA | ||
| 653 | _aREALISMO MAGICO | ||
| 653 | _aBOOM LATINOAMERICANO | ||
| 655 | _aLITERATURA | ||
| 942 | _cBK | ||
| 998 | _cisola | ||
| 999 |
_c7245 _d7245 |
||